000 00757nam a2200253Ia 4500
003 OSt
005 20220927114725.0
006 a|||||r|||| 00| 0
007 ta
008 220926b |||||||| |||| 00| 0 eng d
024 _a60442
037 _cThesis and Dissertations
040 _aRTL
_cRTL
_beng
041 _2eng
_aeng
082 _a"X64.1.N7, L7"
100 _aHosek William R
_9389234
245 0 _a"Monetary theory, policy and financial markets"
260 _aNew
_bYork McGraw-Hill USA
_c1977
300 _a"x,372p"
_ccm.
650 _aMoney Markets
_9351417
700 _a Zahn Freank
_9389235
942 _h"X64.1.N7, L7"
_cCC
999 _c705057
_d705057